[Event "English Open Championship 2024"]
[Site "Holiday Inn, 212 Abbey End, Kenilworth CV8 1ED, United Kingdom"]
[Date "2024.06.20"]
[Round "1.14"]
[White "Pink, Joshua"]
[Black "Boswell, Jacob Connor"]
[Result "1/2-1/2"]
[TimeControl "G90 + 30secs/move"]
[WhiteFideId "424790"]
[BlackFideId "427110"]
[WhiteElo "1892"]
[BlackElo "2274"]

1. Nc3 {[%clk 01:30:53]} {[%emt 00:00:06]} a6 {[%clk 01:26:51]} {[%emt
00:04:09]} 2. e4 {[%clk 01:29:46]} {[%emt 00:01:36]} c5 {[%clk 01:25:52]}
{[%emt 00:01:30]} 3. g3 {[%clk 01:29:46]} {[%emt 00:00:30]} Nc6 {[%clk
01:25:52]} {[%emt 00:00:31]} 4. Bg2 {[%clk 01:29:55]} {[%emt 00:00:20]} g6
{[%clk 01:26:09]} {[%emt 00:00:14]} 5. Nge2 {[%clk 01:29:15]} {[%emt 00:01:08]}
Bg7 {[%clk 01:26:34]} {[%emt 00:00:06]} 6. O-O {[%clk 01:29:37]} {[%emt
00:00:08]} e6 {[%clk 01:26:30]} {[%emt 00:00:34]} 7. d3 {[%clk 01:28:50]}
{[%emt 00:01:16]} Nge7 {[%clk 01:26:40]} {[%emt 00:00:21]} 8. Bf4 {[%clk
01:27:19]} {[%emt 00:02:01]} d5 {[%clk 01:23:24]} {[%emt 00:03:47]} 9. exd5
{[%clk 01:24:12]} {[%emt 00:03:36]} exd5 {[%clk 01:23:27]} {[%emt 00:00:28]} 10.
Bg5 {[%clk 01:23:52]} {[%emt 00:00:49]} f6 {[%clk 01:11:06]} {[%emt 00:12:51]}
11. Bd2 {[%clk 01:20:12]} {[%emt 00:04:10]} Bg4 {[%clk 00:57:21]} {[%emt
00:14:16]} 12. h3 {[%clk 01:16:15]} {[%emt 00:04:25]} Be6 {[%clk 00:50:23]}
{[%emt 00:07:30]} 13. Nf4 {[%clk 01:13:16]} {[%emt 00:03:29]} Bf7 {[%clk
00:50:51]} {[%emt 00:00:02]} 14. Re1 {[%clk 01:13:39]} {[%emt 00:00:08]} O-O
{[%clk 00:46:27]} {[%emt 00:04:53]} 15. Ne6 {[%clk 01:07:52]} {[%emt 00:06:17]}
Bxe6 {[%clk 00:46:35]} {[%emt 00:00:22]} 16. Rxe6 {[%clk 01:08:16]} {[%emt
00:00:06]} Ne5 {[%clk 00:43:20]} {[%emt 00:03:46]} 17. f4 {[%clk 01:02:42]}
{[%emt 00:06:03]} N5c6 {[%clk 00:43:39]} {[%emt 00:00:11]} 18. Re1 {[%clk
00:58:39]} {[%emt 00:04:33]} Nd4 {[%clk 00:40:45]} {[%emt 00:03:25]} 19. Ne2
{[%clk 00:56:31]} {[%emt 00:02:37]} Ndf5 {[%clk 00:27:41]} {[%emt 00:13:35]} 20.
Kh2 {[%clk 00:54:46]} {[%emt 00:02:14]} Qd7 {[%clk 00:26:43]} {[%emt 00:01:29]}
21. Nc3 {[%clk 00:53:05]} {[%emt 00:02:11]} Rfe8 {[%clk 00:26:08]} {[%emt
00:01:04]} 22. a4 {[%clk 00:49:45]} {[%emt 00:03:50]} Rad8 {[%clk 00:21:36]}
{[%emt 00:05:02]} 23. a5 {[%clk 00:49:34]} {[%emt 00:00:41]} Kh8 {[%clk
00:20:06]} {[%emt 00:02:01]} 24. Na4 {[%clk 00:48:23]} {[%emt 00:01:41]} Qc7
{[%clk 00:17:48]} {[%emt 00:02:47]} 25. Nb6 {[%clk 00:47:44]} {[%emt 00:01:09]}
d4 {[%clk 00:15:15]} {[%emt 00:03:04]} 26. Qf3 {[%clk 00:39:38]} {[%emt
00:08:35]} Nc6 {[%clk 00:15:13]} {[%emt 00:00:33]} 27. Re2 {[%clk 00:36:51]}
{[%emt 00:03:18]} h5 {[%clk 00:11:13]} {[%emt 00:04:29]} 28. Rae1 {[%clk
00:35:36]} {[%emt 00:01:44]} Rxe2 {[%clk 00:11:09]} {[%emt 00:00:35]} 29. Rxe2
{[%clk 00:35:55]} {[%emt 00:00:10]} h4 {[%clk 00:07:16]} {[%emt 00:04:23]} 30.
g4 {[%clk 00:33:01]} {[%emt 00:03:23]} Ne3 {[%clk 00:07:46]} 31. Bxe3 {[%clk
00:31:06]} {[%emt 00:02:26]} dxe3 {[%clk 00:08:15]} {[%emt 00:00:01]} 32. Qxe3
{[%clk 00:31:09]} {[%emt 00:00:27]} Bh6 {[%clk 00:07:22]} {[%emt 00:01:24]} 33.
Nd5 {[%clk 00:26:32]} {[%emt 00:05:06]} Rxd5 {[%clk 00:04:14]} {[%emt
00:03:39]} 34. Qe8+ {[%clk 00:26:46]} {[%emt 00:00:14]} Kh7 {[%clk 00:04:44]}
{[%emt 00:00:01]} 35. Bxd5 {[%clk 00:26:12]} {[%emt 00:01:05]} Qxf4+ {[%clk
00:04:07]} {[%emt 00:01:06]} 36. Kg2 {[%clk 00:23:22]} {[%emt 00:03:20]} Qg3+
{[%clk 00:04:32]} {[%emt 00:00:05]} 37. Kf1 {[%clk 00:23:42]} {[%emt 00:00:10]}
Qxh3+ {[%clk 00:04:34]} {[%emt 00:00:29]} 38. Rg2 {[%clk 00:22:34]} {[%emt
00:01:37]} Bg7 {[%clk 00:03:34]} {[%emt 00:01:31]} 39. Bxc6 {[%clk 00:17:57]}
{[%emt 00:05:07]} bxc6 {[%clk 00:04:02]} {[%emt 00:00:01]} 40. Kf2 {[%clk
00:17:59]} {[%emt 00:00:28]} f5 {[%clk 00:03:18]} {[%emt 00:01:14]} 41. Qd7
{[%clk 00:16:48]} {[%emt 00:01:41]} f4 {[%clk 00:02:54]} {[%emt 00:00:54]} 42.
Qe7 {[%clk 00:16:07]} {[%emt 00:01:12]} f3 {[%clk 00:00:57]} {[%emt 00:02:26]}
43. Rg1 {[%clk 00:14:45]} {[%emt 00:01:51]} Qh2+ {[%clk 00:01:16]} {[%emt
00:00:11]} 44. Kf1 {[%clk 00:14:43]} {[%emt 00:00:32]} Qh3+ {[%clk 00:00:44]}
{[%emt 00:01:03]} 45. Kf2 {[%clk 00:13:53]} {[%emt 00:01:19]} Qh2+ {[%clk
00:00:56]} {[%emt 00:00:18]} 46. Kf1 {[%clk 00:14:17]} {[%emt 00:00:05]} h3
{[%clk 00:00:50]} {[%emt 00:00:37]} 47. Qh4+ {[%clk 00:14:10]} {[%emt
00:00:36]} Kg8 {[%clk 00:01:03]} {[%emt 00:00:18]} 48. Qd8+ {[%clk 00:13:49]}
{[%emt 00:00:51]} Bf8 {[%clk 00:01:05]} {[%emt 00:00:28]} 49. Qe8 {[%clk
00:13:41]} {[%emt 00:00:37]} Qd6 {[%clk 00:00:52]} {[%emt 00:00:44]} 50. Qe4
{[%clk 00:12:34]} {[%emt 00:01:38]} h2 {[%clk 00:00:42]} {[%emt 00:00:40]} 51.
Rh1 {[%clk 00:13:00]} {[%emt 00:00:03]} Qg3 {[%clk 00:00:38]} {[%emt 00:00:34]}
52. Qxg6+ {[%clk 00:12:57]} {[%emt 00:00:34]} Bg7 {[%clk 00:01:04]} {[%emt
00:00:03]} 53. Qe8+ {[%clk 00:13:12]} {[%emt 00:00:15]} Bf8 {[%clk 00:01:28]}
{[%emt 00:00:06]} 54. Qg6+ {[%clk 00:10:25]} {[%emt 00:03:17]} Bg7 {[%clk
00:01:56]} {[%emt 00:00:02]} 55. Qe8+ {[%clk 00:06:16]} {[%emt 00:04:06]}
1/2-1/2

[Event "English Open Championship 2024"]
[Site "Holiday Inn, 212 Abbey End, Kenilworth CV8 1ED, United Kingdom"]
[Date "2024.06.20"]
[Round "1.15"]
[White "Bowcott-Terry, Finlay"]
[Black "Zhang, Junyi"]
[Result "1-0"]
[TimeControl "G90 + 30secs/move"]
[WhiteFideId "449199"]
[BlackFideId "494437"]
[WhiteElo "2132"]
[BlackElo "1962"]

1. e4 {[%clk 01:30:56]} {[%emt 00:00:03]} c5 {[%clk 01:30:58]} {[%emt
00:00:03]} 2. Nf3 {[%clk 01:31:23]} {[%emt 00:00:03]} e6 {[%clk 01:31:27]}
{[%emt 00:00:01]} 3. b3 {[%clk 01:31:48]} {[%emt 00:00:05]} Nc6 {[%clk
01:31:20]} {[%emt 00:00:37]} 4. Bb2 {[%clk 01:32:12]} {[%emt 00:00:05]} d6
{[%clk 01:31:39]} {[%emt 00:00:11]} 5. Bb5 {[%clk 01:32:12]} {[%emt 00:00:30]}
a6 {[%clk 01:31:12]} {[%emt 00:00:58]} 6. Bxc6+ {[%clk 01:32:18]} {[%emt
00:00:24]} bxc6 {[%clk 01:31:36]} {[%emt 00:00:05]} 7. O-O {[%clk 01:32:43]}
{[%emt 00:00:05]} d5 {[%clk 01:30:56]} {[%emt 00:01:09]} 8. Re1 {[%clk
01:29:11]} {[%emt 00:04:03]} Nf6 {[%clk 01:30:40]} {[%emt 00:00:47]} 9. Nc3
{[%clk 01:29:04]} {[%emt 00:00:36]} Be7 {[%clk 01:29:49]} {[%emt 00:01:21]} 10.
d3 {[%clk 01:28:51]} {[%emt 00:00:44]} O-O {[%clk 01:29:07]} {[%emt 00:01:11]}
11. h3 {[%clk 01:29:16]} {[%emt 00:00:06]} Qc7 {[%clk 01:28:07]} {[%emt
00:01:29]} 12. Na4 {[%clk 01:28:21]} {[%emt 00:01:25]} d4 {[%clk 01:21:15]}
{[%emt 00:07:22]} 13. Ba3 {[%clk 01:28:05]} {[%emt 00:00:47]} Nd7 {[%clk
01:19:29]} {[%emt 00:02:16]} 14. e5 {[%clk 01:25:03]} {[%emt 00:03:31]} Re8
{[%clk 01:15:42]} {[%emt 00:04:17]} 15. Qe2 {[%clk 01:22:06]} {[%emt 00:03:27]}
Qa5 {[%emt 00:06:19]} 16. Qd2 {[%clk 01:20:08]} {[%emt 00:02:26]} Qb5 {[%clk
01:04:31]} {[%emt 00:05:54]} 17. Qf4 {[%clk 01:18:50]} {[%emt 00:01:47]} Nb6
{[%clk 01:03:09]} {[%emt 00:01:52]} 18. Nxb6 {[%clk 01:18:56]} {[%emt
00:00:25]} Qxb6 {[%clk 01:03:32]} {[%emt 00:00:07]} 19. Nd2 {[%clk 01:19:24]}
{[%emt 00:00:02]} Bb7 {[%clk 01:01:51]} {[%emt 00:02:11]} 20. Nc4 {[%clk
01:19:17]} {[%emt 00:00:36]} Qc7 {[%clk 01:00:32]} {[%emt 00:01:51]} 21. Bc1
{[%clk 01:19:27]} {[%emt 00:00:19]} Red8 {[%clk 00:56:24]} {[%emt 00:04:38]} 22.
a4 {[%clk 01:19:32]} {[%emt 00:00:25]} a5 {[%clk 00:56:17]} {[%emt 00:00:37]}
23. Bd2 {[%clk 01:19:41]} {[%emt 00:00:21]} Rd5 {[%clk 00:55:04]} {[%emt
00:01:43]} 24. Qg3 {[%clk 01:19:10]} {[%emt 00:01:01]} Bf8 {[%clk 00:52:23]}
{[%emt 00:03:10]} 25. f4 {[%clk 01:19:22]} {[%emt 00:00:19]} Bc8 {[%clk
00:51:11]} {[%emt 00:01:42]} 26. Re2 {[%clk 01:17:54]} {[%emt 00:01:57]} Qd8
{[%clk 00:48:58]} {[%emt 00:02:40]} 27. Qe1 {[%clk 01:18:14]} {[%emt 00:00:13]}
Bb7 {[%clk 00:46:05]} {[%emt 00:03:23]} 28. Bxa5 {[%clk 01:17:27]} {[%emt
00:01:17]} Qb8 {[%clk 00:38:39]} {[%emt 00:07:56]} 29. Nb6 {[%clk 01:15:28]}
{[%emt 00:02:30]} Ra6 {[%clk 00:37:51]} {[%emt 00:01:18]} 30. Nxd5 {[%clk
01:15:50]} {[%emt 00:00:07]} cxd5 {[%clk 00:38:15]} {[%emt 00:00:07]} 31. f5
{[%clk 01:14:31]} {[%emt 00:01:49]} Qa7 {[%clk 00:38:14]} {[%emt 00:00:30]} 32.
Bd8 {[%clk 01:14:37]} {[%emt 00:00:23]} c4 {[%clk 00:36:47]} {[%emt 00:01:58]}
33. a5 {[%clk 01:13:28]} {[%emt 00:01:39]} Bc5 {[%clk 00:36:13]} {[%emt
00:01:04]} 34. b4 {[%clk 01:13:35]} {[%emt 00:00:23]} Qb8 {[%clk 00:36:13]}
{[%emt 00:00:30]} 35. Bh4 {[%clk 01:13:15]} {[%emt 00:00:51]} Bf8 {[%clk
00:35:35]} {[%emt 00:01:06]} 36. b5 {[%clk 01:13:40]} {[%emt 00:00:07]} Ra8
{[%clk 00:35:48]} {[%emt 00:00:16]} 37. fxe6 {[%clk 01:14:09]} {[%emt
00:00:02]} fxe6 {[%clk 00:36:10]} {[%emt 00:00:08]} 38. Qf2 {[%clk 01:13:21]}
{[%emt 00:01:17]} Qc7 {[%clk 00:36:00]} {[%emt 00:00:40]} 39. Rf1 {[%clk
01:13:16]} {[%emt 00:00:34]} Bc5 {[%clk 00:35:53]} {[%emt 00:00:38]} 40. a6
{[%clk 01:13:23]} {[%emt 00:00:24]} Bc8 {[%clk 00:35:55]} {[%emt 00:00:27]} 41.
Qf4 {[%clk 01:12:53]} {[%emt 00:00:59]} Qd7 {[%clk 00:33:07]} {[%emt 00:03:19]}
42. Ref2 {[%clk 01:12:30]} {[%emt 00:00:52]} h6 {[%clk 00:30:28]} {[%emt
00:03:09]} 43. Qf7+ {[%clk 01:11:00]} {[%emt 00:02:00]} Kh7 {[%clk 00:27:31]}
{[%emt 00:03:27]} 44. Qh5 {[%clk 01:10:58]} {[%emt 00:00:32]} Qxb5 {[%clk
00:25:26]} {[%emt 00:02:36]} 45. Rf7 {[%clk 01:11:12]} {[%emt 00:00:16]} Ra7
{[%clk 00:24:03]} {[%emt 00:01:54]} 46. Rxa7 {[%clk 01:11:38]} {[%emt
00:00:04]} Bxa7 {[%clk 00:24:26]} {[%emt 00:00:06]} 47. Rf7 {[%clk 01:11:37]}
{[%emt 00:00:30]} Qb2 {[%clk 00:24:05]} {[%emt 00:00:52]} 48. Qg4 {[%clk
01:11:14]} {[%emt 00:00:52]} 1-0

[Event "English Open Championship 2024"]
[Site "Holiday Inn, 212 Abbey End, Kenilworth CV8 1ED, United Kingdom"]
[Date "2024.06.20"]
[Round "1.16"]
[White "Alldritt, Nigel Re"]
[Black "Badacsonyi, Stanley"]
[Result "1/2-1/2"]
[TimeControl "G90 + 30secs/move"]
[WhiteFideId "404543"]
[BlackFideId "486973"]
[WhiteElo "1974"]
[BlackElo "2132"]

1. d4 {[%clk 01:30:56]} {[%emt 00:00:02]} Nf6 {[%clk 01:30:54]} {[%emt
00:00:08]} 2. c4 {[%clk 01:31:21]} {[%emt 00:00:04]} g6 {[%clk 01:31:18]}
{[%emt 00:00:07]} 3. g3 {[%clk 01:31:43]} {[%emt 00:00:07]} Bg7 {[%clk
01:31:40]} {[%emt 00:00:09]} 4. Bg2 {[%clk 01:31:58]} {[%emt 00:00:14]} d6
{[%clk 01:32:05]} {[%emt 00:00:06]} 5. Nc3 {[%clk 01:32:10]} {[%emt 00:00:15]}
O-O {[%clk 01:32:31]} {[%emt 00:00:07]} 6. Nf3 {[%clk 01:32:33]} {[%emt
00:00:07]} c5 {[%clk 01:32:54]} {[%emt 00:00:08]} 7. d5 {[%clk 01:32:56]}
{[%emt 00:00:07]} e6 {[%clk 01:33:21]} {[%emt 00:00:04]} 8. O-O {[%clk
01:33:16]} {[%emt 00:00:09]} exd5 {[%clk 01:33:46]} {[%emt 00:00:06]} 9. cxd5
{[%clk 01:33:38]} {[%emt 00:00:07]} Re8 {[%clk 01:34:12]} {[%emt 00:00:04]} 10.
Bf4 {[%clk 01:32:26]} {[%emt 00:01:41]} h6 {[%clk 01:34:27]} {[%emt 00:00:16]}
11. Qc1 {[%clk 01:32:07]} {[%emt 00:00:48]} g5 {[%clk 01:32:43]} {[%emt
00:02:14]} 12. Be3 {[%clk 01:31:37]} {[%emt 00:00:59]} Bf5 {[%clk 01:31:27]}
{[%emt 00:01:47]} 13. h4 {[%clk 01:30:28]} {[%emt 00:01:39]} g4 {[%clk
01:31:28]} {[%emt 00:00:30]} 14. Nd2 {[%clk 01:30:21]} {[%emt 00:00:35]} Na6
{[%clk 01:29:34]} {[%emt 00:02:26]} 15. Nc4 {[%clk 01:29:33]} {[%emt 00:01:17]}
Kh7 {[%clk 01:29:56]} {[%emt 00:00:09]} 16. Bf4 {[%clk 01:20:36]} {[%emt
00:09:26]} Bf8 {[%clk 01:29:30]} {[%emt 00:00:56]} 17. Re1 {[%clk 01:15:55]}
{[%emt 00:05:09]} Bg6 {[%clk 01:13:30]} {[%emt 00:16:33]} 18. Nb5 {[%clk
01:00:30]} {[%emt 00:15:54]} Nc7 {[%clk 01:04:56]} {[%emt 00:09:05]} 19. Nbxd6
{[%clk 00:56:10]} {[%emt 00:04:50]} Ncxd5 {[%clk 01:05:03]} {[%emt 00:00:23]}
20. e4 {[%clk 00:45:59]} {[%emt 00:10:41]} Nxf4 {[%clk 01:04:36]} {[%emt
00:00:58]} 21. Qxf4 {[%clk 00:46:10]} {[%emt 00:00:17]} Nh5 {[%clk 01:04:03]}
{[%emt 00:01:03]} 22. Qe3 {[%clk 00:43:06]} {[%emt 00:03:34]} Bxd6 {[%clk
01:00:48]} {[%emt 00:03:46]} 23. Rad1 {[%clk 00:43:20]} {[%emt 00:00:16]} Bf4
{[%clk 01:00:06]} {[%emt 00:01:12]} 24. gxf4 {[%clk 00:40:45]} {[%emt
00:03:05]} Qf6 {[%clk 00:57:19]} {[%emt 00:03:18]} 25. Nd6 {[%clk 00:27:48]}
{[%emt 00:13:26]} Qxf4 {[%clk 00:45:43]} {[%emt 00:12:07]} 26. Nxe8 {[%clk
00:27:35]} {[%emt 00:00:42]} Rxe8 {[%clk 00:46:05]} {[%emt 00:00:08]} 27. e5
{[%clk 00:27:28]} {[%emt 00:00:38]} Qxe3 {[%clk 00:46:09]} {[%emt 00:00:25]} 28.
Rxe3 {[%clk 00:27:30]} {[%emt 00:00:28]} Re7 {[%clk 00:46:32]} {[%emt
00:00:07]} 29. Be4 {[%clk 00:23:32]} {[%emt 00:04:26]} Nf4 {[%clk 00:46:04]}
{[%emt 00:01:00]} 30. Rd6 {[%clk 00:10:45]} {[%emt 00:13:16]} Kg7 {[%clk
00:34:30]} {[%emt 00:12:06]} 31. Bxg6 {[%clk 00:08:14]} {[%emt 00:03:01]} Nxg6
{[%clk 00:34:41]} {[%emt 00:00:20]} 32. e6 {[%clk 00:07:53]} {[%emt 00:00:51]}
Nxh4 {[%clk 00:33:11]} {[%emt 00:02:00]} 33. Rd7 {[%clk 00:07:21]} {[%emt
00:01:01]} Kf8 {[%clk 00:32:13]} {[%emt 00:01:28]} 34. Rd8+ {[%clk 00:07:00]}
{[%emt 00:00:51]} Kg7 {[%clk 00:32:38]} {[%emt 00:00:06]} 35. Rd7 {[%clk
00:07:25]} {[%emt 00:00:04]} Kf8 {[%clk 00:33:05]} {[%emt 00:00:03]} 36. Rd8+
{[%clk 00:05:01]} {[%emt 00:02:54]} Kg7 {[%clk 00:33:25]} {[%emt 00:00:10]} 37.
Rd7 {[%clk 00:05:27]} {[%emt 00:00:04]} 1/2-1/2

[Event "English Open Championship 2024"]
[Site "Holiday Inn, 212 Abbey End, Kenilworth CV8 1ED, United Kingdom"]
[Date "2024.06.20"]
[Round "1.17"]
[White "Stoica, Savas Marin"]
[Black "He, Tom Junde"]
[Result "1-0"]
[TimeControl "G90 + 30secs/move"]
[WhiteFideId "464309"]
[BlackFideId "488810"]
[WhiteElo "2115"]
[BlackElo "1902"]

1. d4 {[%clk 01:30:36]} {[%emt 00:00:23]} Nf6 {[%clk 01:30:44]} {[%emt
00:00:16]} 2. c4 {[%clk 01:30:57]} {[%emt 00:00:06]} e6 {[%clk 01:31:08]}
{[%emt 00:00:09]} 3. Nc3 {[%clk 01:29:42]} {[%emt 00:01:45]} Bb4 {[%clk
01:31:05]} {[%emt 00:00:32]} 4. f3 {[%clk 01:30:04]} {[%emt 00:00:09]} d5
{[%clk 01:31:28]} {[%emt 00:00:07]} 5. a3 {[%clk 01:30:30]} {[%emt 00:00:04]}
Bxc3+ {[%clk 01:31:51]} {[%emt 00:00:07]} 6. bxc3 {[%clk 01:30:56]} {[%emt
00:00:03]} O-O {[%clk 01:32:02]} {[%emt 00:00:19]} 7. cxd5 {[%clk 01:31:05]}
{[%emt 00:00:22]} exd5 {[%clk 01:31:47]} {[%emt 00:00:45]} 8. e3 {[%clk
01:31:31]} {[%emt 00:00:05]} Bf5 {[%clk 01:31:31]} {[%emt 00:00:45]} 9. Ne2
{[%clk 01:31:06]} {[%emt 00:00:55]} c5 {[%clk 01:31:09]} {[%emt 00:00:53]} 10.
Ng3 {[%clk 01:31:10]} {[%emt 00:00:26]} Bg6 {[%clk 01:30:55]} {[%emt 00:00:43]}
11. Bd3 {[%clk 01:30:17]} {[%emt 00:01:23]} Re8 {[%clk 01:29:31]} {[%emt
00:01:54]} 12. O-O {[%clk 01:25:40]} {[%emt 00:05:07]} Nc6 {[%clk 01:26:35]}
{[%emt 00:03:26]} 13. Bxg6 {[%clk 01:19:06]} {[%emt 00:07:04]} hxg6 {[%clk
01:26:19]} {[%emt 00:00:45]} 14. Qd3 {[%clk 01:17:11]} {[%emt 00:02:25]} Qd7
{[%clk 01:11:35]} {[%emt 00:15:15]} 15. Bb2 {[%clk 01:09:05]} {[%emt 00:08:35]}
Rad8 {[%clk 01:04:44]} {[%emt 00:07:21]} 16. Rad1 {[%clk 01:01:12]} {[%emt
00:08:23]} Qe6 {[%clk 01:02:14]} {[%emt 00:03:00]} 17. Rfe1 {[%clk 00:53:50]}
{[%emt 00:07:52]} Nh5 {[%clk 00:54:14]} {[%emt 00:08:30]} 18. Nxh5 {[%clk
00:43:57]} {[%emt 00:10:23]} gxh5 {[%clk 00:54:36]} {[%emt 00:00:08]} 19. Qb5
{[%clk 00:33:04]} {[%emt 00:11:23]} c4 {[%clk 00:35:44]} {[%emt 00:19:24]} 20.
e4 {[%clk 00:29:36]} {[%emt 00:03:58]} a6 {[%clk 00:34:59]} {[%emt 00:01:15]}
21. Qa4 {[%clk 00:29:03]} {[%emt 00:01:01]} Qd7 {[%clk 00:27:10]} {[%emt
00:08:20]} 22. Qc2 {[%clk 00:25:43]} {[%emt 00:03:49]} Re6 {[%clk 00:26:25]}
{[%emt 00:01:15]} 23. e5 {[%clk 00:23:02]} {[%emt 00:03:11]} Ne7 {[%clk
00:24:50]} {[%emt 00:02:05]} 24. Bc1 {[%clk 00:19:16]} {[%emt 00:04:16]} Rg6
{[%clk 00:24:26]} {[%emt 00:00:55]} 25. Be3 {[%clk 00:17:23]} {[%emt 00:02:23]}
Qf5 {[%clk 00:23:19]} {[%emt 00:01:37]} 26. Qxf5 {[%clk 00:16:59]} {[%emt
00:00:54]} Nxf5 {[%clk 00:23:44]} {[%emt 00:00:06]} 27. Bf2 {[%clk 00:17:25]}
{[%emt 00:00:03]} Rb6 {[%clk 00:21:16]} {[%emt 00:02:58]} 28. Rb1 {[%clk
00:16:50]} {[%emt 00:01:05]} Rxb1 {[%clk 00:21:38]} {[%emt 00:00:08]} 29. Rxb1
{[%clk 00:17:16]} {[%emt 00:00:04]} b5 {[%clk 00:20:38]} {[%emt 00:01:31]} 30.
g4 {[%clk 00:15:55]} {[%emt 00:01:51]} hxg4 {[%clk 00:20:05]} {[%emt 00:01:02]}
31. fxg4 {[%clk 00:16:21]} {[%emt 00:00:04]} Nh6 {[%clk 00:20:33]} {[%emt
00:00:02]} 32. h3 {[%clk 00:16:03]} {[%emt 00:00:48]} Rb8 {[%clk 00:19:54]}
{[%emt 00:01:10]} 33. Be3 {[%clk 00:12:24]} {[%emt 00:04:08]} Kh7 {[%clk
00:19:37]} {[%emt 00:00:47]} 34. Bxh6 {[%clk 00:12:13]} {[%emt 00:00:41]} Kxh6
{[%clk 00:16:35]} {[%emt 00:03:32]} 35. Rf1 {[%clk 00:09:42]} {[%emt 00:03:01]}
Rb7 {[%clk 00:12:56]} {[%emt 00:04:09]} 36. h4 {[%clk 00:08:53]} {[%emt
00:01:18]} a5 {[%clk 00:11:57]} {[%emt 00:01:31]} 37. Rb1 {[%clk 00:08:33]}
{[%emt 00:00:49]} Kh7 {[%clk 00:06:37]} {[%emt 00:05:50]} 38. Kf2 {[%clk
00:08:58]} {[%emt 00:00:05]} Kg8 {[%clk 00:05:28]} {[%emt 00:01:40]} 39. Ke3
{[%clk 00:08:53]} {[%emt 00:00:34]} g5 {[%clk 00:04:10]} {[%emt 00:01:49]} 40.
hxg5 {[%clk 00:09:05]} {[%emt 00:00:17]} Kg7 {[%clk 00:04:37]} {[%emt
00:00:04]} 41. Kf4 {[%clk 00:08:51]} {[%emt 00:00:43]} Kg6 {[%clk 00:04:47]}
{[%emt 00:00:20]} 42. Rh1 {[%clk 00:06:05]} {[%emt 00:03:16]} b4 {[%clk
00:04:40]} {[%emt 00:00:38]} 43. axb4 {[%clk 00:06:31]} {[%emt 00:00:03]} axb4
{[%clk 00:05:01]} {[%emt 00:00:10]} 44. cxb4 {[%clk 00:06:53]} {[%emt
00:00:08]} Rxb4 {[%clk 00:03:05]} {[%emt 00:02:26]} 45. Rh6+ {[%clk 00:07:17]}
{[%emt 00:00:05]} Kg7 {[%clk 00:03:32]} {[%emt 00:00:03]} 46. Rc6 {[%clk
00:06:39]} {[%emt 00:01:08]} Rb3 {[%clk 00:02:41]} {[%emt 00:01:21]} 47. g6
{[%clk 00:03:35]} {[%emt 00:03:34]} Rd3 {[%clk 00:01:01]} {[%emt 00:02:11]} 48.
gxf7 {[%clk 00:01:49]} {[%emt 00:02:15]} Rxd4+ {[%clk 00:01:09]} {[%emt
00:00:22]} 49. Kf5 {[%clk 00:02:13]} {[%emt 00:00:06]} Kxf7 {[%clk 00:01:10]}
{[%emt 00:00:30]} 50. g5 {[%clk 00:02:32]} {[%emt 00:00:10]} Rd1 {[%clk
00:01:18]} {[%emt 00:00:22]} 51. g6+ {[%clk 00:02:28]} {[%emt 00:00:34]} Ke7
{[%clk 00:00:58]} {[%emt 00:00:49]} 52. Rc7+ {[%clk 00:02:15]} {[%emt
00:00:44]} Kd8 {[%clk 00:01:05]} {[%emt 00:00:23]} 53. g7 {[%clk 00:02:17]}
{[%emt 00:00:28]} Rf1+ {[%clk 00:01:09]} {[%emt 00:00:27]} 54. Ke6 {[%clk
00:02:35]} {[%emt 00:00:11]} Rg1 {[%clk 00:00:43]} {[%emt 00:00:57]} 55. Kd6
{[%clk 00:01:44]} {[%emt 00:01:20]} c3 {[%clk 00:00:45]} {[%emt 00:00:28]} 56.
e6 {[%clk 00:01:48]} {[%emt 00:00:26]} Rg6 {[%clk 00:01:02]} {[%emt 00:00:14]}
57. g8=Q+ {[%clk 00:01:48]} {[%emt 00:00:30]} Rxg8 {[%clk 00:01:28]} {[%emt
00:00:03]} 58. e7+ {[%clk 00:02:09]} {[%emt 00:00:09]} Ke8 {[%clk 00:01:57]}
{[%emt 00:00:01]} 59. Rc8+ {[%clk 00:02:34]} {[%emt 00:00:06]} Kf7 {[%clk
00:02:19]} {[%emt 00:00:07]} 60. Rxg8 {[%clk 00:03:00]} {[%emt 00:00:04]} Kxg8
{[%clk 00:02:40]} {[%emt 00:00:09]} 61. e8=Q+ {[%clk 00:03:26]} {[%emt
00:00:04]} Kh7 {[%clk 00:03:08]} {[%emt 00:00:02]} 62. Ke6 {[%clk 00:03:26]}
{[%emt 00:00:30]} c2 {[%clk 00:03:30]} {[%emt 00:00:08]} 63. Kf6 {[%clk
00:03:43]} {[%emt 00:00:11]} c1=Q {[%clk 00:03:54]} {[%emt 00:00:09]} 64. Qg6+
{[%clk 00:04:07]} {[%emt 00:00:03]} Kh8 {[%clk 00:04:19]} {[%emt 00:00:07]} 65.
Qg7# {[%clk 00:04:35]} {[%emt 00:00:02]} 1-0